[Event "Hessen-ch Seniors op 11th"]
[Site "Bad Sooden-Allendorf"]
[Date "2015.05.16"]
[Round "8"]
[White "Husser, Oskar"]
[Black "Strozewski, Guenter"]
[Result "1-0"]
[WhiteElo "1849"]
[BlackElo "1807"]
[PlyCount "61"]
[EventDate "2015.05.09"]
[EventType "swiss"]
[EventRounds "9"]
[EventCountry "GER"]
[SourceTitle "EXT 2018"]
[Source "ChessBase"]
[SourceDate "2017.10.13"]
[SourceVersion "1"]
[SourceVersionDate "2017.10.13"]
[SourceQuality "1"]

1. Nf3 Nf6 2. c4 c6 3. b3 e6 4. Bb2 Bc5 5. d4 Bb4+ 6. Bc3 Ba5 7. b4 Bc7 8. Nbd2 d5 9. e3 0-0 10. Bd3 Nbd7 11. Qc2 h6 12. 0-0 b6 13. a4 c5 14. a5 Ba6 15. b5 Bb7 16. a6 Bc8 17. e4 dxc4 18. Nxc4 cxd4 19. Bxd4 e5 20. Nfxe5 Nxe5 21. Bxe5 Bxe5 22. Nxe5 Qd6 23. Nc6 Ng4 24. g3 Ne5 25. Be2 Re8 26. Rad1 Qf6 27. f4 Nd7 28. e5 Qg6 29. Qxg6 fxg6 30. Bf3 Kh7 31. Nd4 1-0

[Event "Hessen-ch Seniors op 11th"]
[Site "Bad Sooden-Allendorf"]
[Date "2015.05.15"]
[Round "7"]
[White "Strozewski, Guenter"]
[Black "Koehler, Marianne"]
[Result "1-0"]
[WhiteElo "1807"]
[BlackElo "1679"]
[PlyCount "35"]
[EventDate "2015.05.09"]
[EventType "swiss"]
[EventRounds "9"]
[EventCountry "GER"]
[SourceTitle "EXT 2018"]
[Source "ChessBase"]
[SourceDate "2017.10.13"]
[SourceVersion "1"]
[SourceVersionDate "2017.10.13"]
[SourceQuality "1"]

1. Nc3 g6 2. d4 Bg7 3. Bf4 Nf6 4. e4 d6 5. Bc4 Nh5 6. Be3 Nd7 7. Nf3 Nb6 8. Bb3 Bd7 9. Qd2 Be6 10. Bxe6 fxe6 11. Ng5 Qd7 12. Qd3 Bf6 13. Nf3 Bg7 14. Ng5 0-0 15. Ne2 d5 16. g4 Nf6 17. Nf4 dxe4 18. Qb3 1-0

[Event "GER-chB Seniors 26th"]
[Site "Bad Neuenahr"]
[Date "2014.08.06"]
[Round "2"]
[White "Strozewski, Guenter"]
[Black "Merettig, Georg"]
[Result "0-1"]
[WhiteElo "1819"]
[BlackElo "1940"]
[PlyCount "36"]
[EventDate "2014.08.05"]
[EventType "swiss"]
[EventRounds "9"]
[EventCountry "GER"]
[SourceTitle "EXT 2018"]
[Source "ChessBase"]
[SourceDate "2017.10.13"]
[SourceVersion "1"]
[SourceVersionDate "2017.10.13"]
[SourceQuality "1"]

1. e4 Nc6 2. Nf3 b6 3. d4 e6 4. d5 Nce7 5. dxe6 fxe6 6. Nc3 Ng6 7. Bd3 Bb7 8. 0-0 Nh6 9. Ng5 Be7 10. Qh5 0-0 11. Nxh7 Kxh7 12. Bxh6 gxh6 13. e5 Qe8 14. f4 Kg7 15. Qg4 h5 16. Qxh5 Bxg2 17. Kxg2 Nxf4+ 18. Rxf4 Qxh5 0-1

[Event "Hessen-ch Seniors op 09th"]
[Site "Bad Sooden-Allendorf"]
[Date "2013.04.21"]
[Round "2"]
[White "Strozewski, Guenter"]
[Black "Girod, Gudrun"]
[Result "1-0"]
[WhiteElo "1831"]
[BlackElo "1583"]
[PlyCount "39"]
[EventDate "2013.04.20"]
[EventType "swiss"]
[EventRounds "9"]
[EventCountry "GER"]
[SourceTitle "EXT 2019"]
[Source "ChessBase"]
[SourceDate "2018.10.10"]
[SourceVersion "1"]
[SourceVersionDate "2018.10.10"]
[SourceQuality "1"]

1. e4 e6 2. d4 d5 3. Nc3 Bb4 4. Bd3 Nc6 5. a3 Bxc3+ 6. bxc3 Nge7 7. Nf3 dxe4 8. Bxe4 h6 9. 0-0 0-0 10. Re1 Nd5 11. Bb2 f5 12. Bd3 Bd7 13. Bc4 Kh8 14. Qd2 Qf6 15. Ba2 Rfe8 16. c4 Nde7 17. Ne5 Bc8 18. d5 Qg5 19. Qxg5 hxg5 20. dxc6 1-0

[Event "MVP-ch Seniors op 11th"]
[Site "Binz"]
[Date "2011.12.01"]
[Round "2.48"]
[White "Lehmann, Erwin"]
[Black "Strozewski, Guenter"]
[Result "1-0"]
[WhiteElo "1935"]
[BlackElo "1552"]
[PlyCount "51"]
[EventDate "2011.11.30"]
[EventType "swiss"]
[EventRounds "9"]
[EventCountry "GER"]
[SourceTitle "EXT 2013"]
[Source "ChessBase"]
[SourceDate "2012.11.22"]
[SourceVersion "1"]
[SourceVersionDate "2012.11.22"]
[SourceQuality "1"]

1. c4 Nf6 2. g3 e6 3. Bg2 c6 4. Nf3 Bc5 5. a3 d5 6. d4 Be7 7. Nbd2 0-0 8. 0-0 dxc4 9. Nxc4 Nbd7 10. Qc2 c5 11. Rd1 cxd4 12. Nxd4 Nd5 13. e4 N5b6 14. Be3 Bg5 15. f4 Nxc4 16. Qxc4 Bh6 17. Qe2 g6 18. Rac1 e5 19. Nb5 exf4 20. gxf4 b6 21. e5 Rb8 22. Nxa7 Bb7 23. Nc6 Qe8 24. Nxb8 Bxg2 25. Nxd7 Bh3 26. Nf6+ 1-0

[Event "MVP-ch Seniors op 11th"]
[Site "Binz"]
[Date "2011.11.30"]
[Round "1.40"]
[White "Strozewski, Guenter"]
[Black "Lewald, Stephan"]
[Result "0-1"]
[WhiteElo "1552"]
[BlackElo "1884"]
[PlyCount "120"]
[EventDate "2011.11.30"]
[EventType "swiss"]
[EventRounds "9"]
[EventCountry "GER"]
[SourceTitle "EXT 2013"]
[Source "ChessBase"]
[SourceDate "2012.11.22"]
[SourceVersion "1"]
[SourceVersionDate "2012.11.22"]
[SourceQuality "1"]

1. e4 c5 2. Nf3 g6 3. c3 Bg7 4. Bc4 e6 5. d4 cxd4 6. cxd4 d5 7. exd5 exd5 8. Bb3 Ne7 9. 0-0 0-0 10. Bg5 Nbc6 11. Re1 f6 12. Be3 Be6 13. Nc3 Bf7 14. Rc1 Rc8 15. Bf4 a6 16. Na4 g5 17. Bg3 Nf5 18. Nc5 Nxg3 19. hxg3 Rc7 20. Ba4 Qc8 21. Nh2 Re8 22. Qd3 b5 23. Bb3 Rxe1+ 24. Rxe1 Na5 25. Bd1 f5 26. Qd2 Nc6 27. Qxg5 Nxd4 28. Nb3 h6 29. Qf4 Rc4 30. Nxd4 Rxd4 31. Qd6 Qc1 32. Nf3 Rxd1 33. Rxd1 Qxd1+ 34. Kh2 Qe2 35. Qxa6 Qxb2 36. Qc8+ Bf8 37. Qxf5 Qxa2 38. Qg4+ Bg7 39. Qc8+ Kh7 40. Nh4 Qxf2 41. Nf3 Bg6 42. Qh3 Qe3 43. Qd7 Be4 44. Qxb5 Bxf3 45. gxf3 Qxf3 46. Qb1+ Kg8 47. Qb8+ Qf8 48. Qb3 Qf7 49. Kg2 d4 50. Qd3 Qd5+ 51. Kh3 h5 52. Kh2 Qe6 53. Qd2 Qe3 54. Qa2+ Kh7 55. Qf7 Qe2+ 56. Kh1 Qe4+ 57. Kh2 Qg6 58. Qf3 d3 59. Qd1 Be5 60. Qf3 Qxg3+ 0-1

[Event "Hessen-ch Seniors op 07th"]
[Site "Bad Sooden-Allendorf"]
[Date "2011.05.08"]
[Round "9"]
[White "Dinius, Helmut"]
[Black "Strozewski, Guenter"]
[Result "1/2-1/2"]
[WhiteElo "1519"]
[BlackElo "1537"]
[PlyCount "107"]
[EventDate "2011.04.30"]
[EventType "swiss"]
[EventRounds "9"]
[EventCountry "GER"]
[SourceTitle "EXT 2012"]
[Source "ChessBase"]
[SourceDate "2011.11.24"]
[SourceVersion "1"]
[SourceVersionDate "2011.11.24"]
[SourceQuality "1"]

1. e4 e5 2. Nc3 Nf6 3. g3 c6 4. Bg2 Bc5 5. d3 d5 6. exd5 cxd5 7. h3 0-0 8. Nf3 e4 9. dxe4 d4 10. Ne2 Nxe4 11. 0-0 Nc6 12. Nf4 d3 13. Nxd3 Bb6 14. Kh2 Bf5 15. Nh4 Nd6 16. Nxf5 Nxf5 17. c3 Re8 18. Qc2 Rc8 19. Nf4 Nfe7 20. Qa4 Qd6 21. Qb5 Ng6 22. Nxg6 Qxg6 23. Bf4 Qc2 24. Rac1 Qg6 25. Rcd1 h6 26. Qd3 Qh5 27. Bf3 Qa5 28. a3 Rcd8 29. Qc2 Rxd1 30. Bxd1 Qb5 31. Kg2 Qc5 32. Be3 Qa5 33. Bxb6 Qxb6 34. Bf3 Qb5 35. Rd1 Ne5 36. Be4 Nc4 37. Rb1 Nd6 38. Bf3 Rd8 39. b3 Qg5 40. Rd1 Qf6 41. c4 Rc8 42. c5 b6 43. Qd3 Ne8 44. c6 Qe7 45. Qc4 Nd6 46. Qb4 Nf5 47. Qf4 Qg5 48. Qc4 b5 49. Qc3 Nh4+ 50. Kf1 Nxf3 51. Qxf3 Qc5 52. b4 Qc4+ 53. Rd3 Rxc6 54. Kg2 1/2-1/2

[Event "Hessen-ch Seniors op 07th"]
[Site "Bad Sooden-Allendorf"]
[Date "2011.05.07"]
[Round "8"]
[White "Strozewski, Guenter"]
[Black "Wilfert, Eva Maria"]
[Result "0-1"]
[WhiteElo "1537"]
[BlackElo "1471"]
[PlyCount "74"]
[EventDate "2011.04.30"]
[EventType "swiss"]
[EventRounds "9"]
[EventCountry "GER"]
[SourceTitle "EXT 2012"]
[Source "ChessBase"]
[SourceDate "2011.11.24"]
[SourceVersion "1"]
[SourceVersionDate "2011.11.24"]
[SourceQuality "1"]

1. e4 g6 2. c3 e6 3. Nf3 Bg7 4. d4 d6 5. Na3 Ne7 6. Bg5 0-0 7. Bc4 a6 8. Qd2 b5 9. Bb3 Nbc6 10. Bh6 Na5 11. Bc2 c5 12. Bxg7 Kxg7 13. 0-0 Bb7 14. Rfe1 Rc8 15. Qf4 cxd4 16. Rad1 e5 17. Qh4 h6 18. cxd4 b4 19. dxe5 Ng8 20. Qg3 bxa3 21. Rxd6 Qc7 22. Bb1 axb2 23. e6 fxe6 24. Qe5+ Kh7 25. Qxe6 Nf6 26. e5 Rce8 27. Qh3 Nc4 28. Ng5+ Kg7 29. exf6+ Kg8 30. f7+ Qxf7 31. Rxg6+ Qxg6 32. Qc3 Rxe1+ 33. Qxe1 Qxg5 34. Qe6+ Kg7 35. Qd7+ Rf7 36. Qd4+ Qf6 37. Qg4+ Kf8 0-1

[Event "Hessen-ch Seniors op 07th"]
[Site "Bad Sooden-Allendorf"]
[Date "2011.05.05"]
[Round "6"]
[White "Strozewski, Guenter"]
[Black "Tuertmann, Dieter"]
[Result "1-0"]
[WhiteElo "1537"]
[BlackElo "1822"]
[PlyCount "115"]
[EventDate "2011.04.30"]
[EventType "swiss"]
[EventRounds "9"]
[EventCountry "GER"]
[SourceTitle "EXT 2012"]
[Source "ChessBase"]
[SourceDate "2011.11.24"]
[SourceVersion "1"]
[SourceVersionDate "2011.11.24"]
[SourceQuality "1"]

1. e4 c5 2. Nf3 e6 3. c3 d6 4. d4 cxd4 5. cxd4 Bd7 6. Nc3 Ne7 7. Bg5 Qb6 8. Rb1 Nec6 9. Be3 Qd8 10. d5 exd5 11. exd5 Ne5 12. Bd4 Be7 13. Bxe5 dxe5 14. Nxe5 0-0 15. Bd3 Bd6 16. Nxd7 Re8+ 17. Be2 Nxd7 18. 0-0 a6 19. Bd3 Nf6 20. Qc2 Rc8 21. Qb3 Rc7 22. Rfe1 Rce7 23. Rxe7 Qxe7 24. h3 Qe5 25. g3 b5 26. Qd1 g6 27. Qe2 Qd4 28. Qf3 Kg7 29. Rd1 Qb4 30. Rd2 Qa5 31. Re2 Rxe2 32. Qxe2 Qb6 33. Kg2 Qb7 34. Kh2 Bb8 35. a4 bxa4 36. Bxa6 Qb4 37. Qb5 Qd6 38. Qe2 a3 39. bxa3 Qxa3 40. Qd3 Nxd5 41. Nxd5 Qxd3 42. Bxd3 h5 43. h4 Bd6 44. f4 Bc5 45. Kg2 f6 46. Kf3 Ba3 47. Nc7 Bb2 48. Ne6+ Kf7 49. f5 g5 50. hxg5 fxg5 51. Nxg5+ Kf6 52. Nh3 Bc3 53. Nf4 Kg5 54. Ne6+ Kf6 55. Kg2 Be1 56. Kh3 Bd2 57. Kh4 Be1 58. Nf4 1-0

[Event "Hessen-ch Seniors op 07th"]
[Site "Bad Sooden-Allendorf"]
[Date "2011.05.04"]
[Round "5"]
[White "Schumacher, Ursula"]
[Black "Strozewski, Guenter"]
[Result "0-1"]
[WhiteElo "1429"]
[BlackElo "1537"]
[PlyCount "80"]
[EventDate "2011.04.30"]
[EventType "swiss"]
[EventRounds "9"]
[EventCountry "GER"]
[SourceTitle "EXT 2012"]
[Source "ChessBase"]
[SourceDate "2011.11.24"]
[SourceVersion "1"]
[SourceVersionDate "2011.11.24"]
[SourceQuality "1"]

1. c4 e6 2. Nc3 Nf6 3. Nf3 b6 4. g3 Bb7 5. Bg2 Bc5 6. 0-0 h5 7. d4 Be7 8. Bg5 Ng4 9. Bxe7 Qxe7 10. e3 a6 11. Re1 Qb4 12. Qb3 Qe7 13. a3 Nc6 14. Qd1 Na5 15. b3 Qf6 16. e4 d6 17. Ra2 g5 18. h3 Nh6 19. Nh2 0-0-0 20. Nf1 Nc6 21. Rd2 e5 22. d5 Nd4 23. Ne3 Kb8 24. b4 Bc8 25. Kh2 h4 26. Rf1 hxg3+ 27. fxg3 Qg6 28. Rdf2 Rdf8 29. Rf6 Qg7 30. R6f2 Qh7 31. Rh1 f5 32. exf5 Nhxf5 33. Nxf5 Nxf5 34. Qd3 Qe7 35. g4 Nd4 36. Rxf8 Qxf8 37. Rf1 Qe7 38. Rf2 Rf8 39. Rxf8 Qxf8 40. Ne4 Qf4+ 0-1

[Event "Hessen-ch Seniors op 05th"]
[Site "Bad Sooden-Allendorf"]
[Date "2009.04.26"]
[Round "2"]
[White "Koehler, Marianne"]
[Black "Strozewski, Guenter"]
[Result "0-1"]
[WhiteElo "1377"]
[BlackElo "1687"]
[PlyCount "20"]
[EventDate "2009.04.25"]
[EventType "swiss"]
[EventRounds "9"]
[EventCountry "GER"]
[SourceTitle "EXT 2022"]
[Source "ChessBase"]
[SourceDate "2021.10.06"]
[SourceVersion "1"]
[SourceVersionDate "2021.10.06"]
[SourceQuality "1"]

1. e4 e5 2. Nf3 d5 3. exd5 e4 4. Ng1 Nf6 5. c4 c6 6. dxc6 Nxc6 7. h3 Bc5 8. g4 Qd4 9. Qe2 Nb4 10. d3 Nxd3+ 0-1

[Event "NRW-ch Seniors 19th"]
[Site "Hattingen"]
[Date "2008.05.19"]
[Round "1"]
[White "Bachmann, Karlheinz"]
[Black "Strozewski, Guenter"]
[Result "1-0"]
[WhiteElo "2155"]
[BlackElo "1710"]
[PlyCount "87"]
[EventDate "2008.05.19"]
[EventType "swiss"]
[EventRounds "9"]
[EventCountry "GER"]
[SourceTitle "EXT 2010"]
[Source "ChessBase"]
[SourceDate "2010.11.25"]
[SourceVersion "1"]
[SourceVersionDate "2010.11.25"]
[SourceQuality "1"]

1. c4 g6 2. Nc3 Bg7 3. d4 d6 4. Nf3 Nf6 5. e4 b6 6. Bd3 Bb7 7. 0-0 0-0 8. Re1 c5 9. e5 dxe5 10. dxe5 Ne8 11. Bf4 Nc6 12. Be4 Nc7 13. Qa4 Qe8 14. Rad1 Ne6 15. Bg3 Na5 16. Qc2 Bxe4 17. Qxe4 Nc6 18. Nd5 Bh6 19. Bh4 g5 20. Qg4 Kh8 21. Qh5 gxh4 22. Qxh6 Rg8 23. Qxh4 Rg6 24. g3 Qf8 25. Qe4 Qg8 26. Ne3 Ncd4 27. Nxd4 cxd4 28. Nf5 Rg4 29. Qb7 Qf8 30. Qxe7 Qxe7 31. Nxe7 Ng5 32. Kg2 Ne6 33. h3 Rg5 34. h4 Rg7 35. Nf5 Rgg8 36. Nxd4 Rac8 37. Nxe6 fxe6 38. b3 Kg7 39. Rd7+ Kg6 40. Rxa7 Rgf8 41. Re4 h6 42. Rb7 Rc6 43. Rg4+ Kf5 44. Rf4+ 1-0